| 000 | 00789cab a2200253 4500 | ||
|---|---|---|---|
| 001 | WB3348-33 | ||
| 008 | 090401t1997 xxu||||| |||| 00| 0 eng d | ||
| 035 | _a(Sirsi) u82574 | ||
| 041 | _aeng | ||
| 245 | _aLeaseholders on the rack | ||
| 260 | _c1997 | ||
| 350 | _a0 | ||
| 490 |
_aSunday Telegraph _v7 December 1997, B13(2) |
||
| 520 | _aThousands of owners of leasehold flats are finding it impossible to sell their properties because the freeholds are owned by rogue landlords who have been exposed by the media. | ||
| 650 | _aBLOCKS OF FLATS | ||
| 650 | _aFLAT OWNERS | ||
| 650 | _aFREEHOLDS | ||
| 650 | _aLEASEHOLD FLATS | ||
| 650 | _aLEASEHOLDERS | ||
| 650 | _aSERVICE CHARGES | ||
| 690 | _aLANDLORD AND TENANT-LEASEHOLD REFORM | ||
| 942 | _n0 | ||
| 948 | _c10/12/1997 | ||
| 999 |
_c52146 _d52146 |
||